000 00317nam a2200121Ia 4500
008 190216s9999||||xx |||||||||||||| ||und||
100 _aSatish Jain
245 0 _aComputer Fundamentals And C++ Programming
260 _bBpb Pub
_c1996
300 _a179p
650 _a"Computer Programming. Programs, Data"
942 _cBK
999 _c8660
_d8660